_Organic chemistry Vol 1The Fundamental principles(6th ed.) (Record no. 6103)
[ view plain ]
| 000 -LEADER | |
|---|---|
| fixed length control field | 00393nam a2200133Ia 4500 |
| 008 - FIXED-LENGTH DATA ELEMENTS--GENERAL INFORMATION | |
| fixed length control field | 151021s9999 xx 000 0 und d |
| 020 ## - INTERNATIONAL STANDARD BOOK NUMBER | |
| International Standard Book Number | 9.7881775854e+012 |
| 050 ## - LIBRARY OF CONGRESS CALL NUMBER | |
| Classification number | QD251.2.F53 2009 |
| 245 ## - TITLE STATEMENT | |
| Title | _Organic chemistry Vol 1The Fundamental principles(6th ed.) |
| 300 ## - PHYSICAL DESCRIPTION | |
| Extent | xiv,965p;ill. |
| 500 ## - GENERAL NOTE | |
| General note | includes index |
| 650 ## - SUBJECT ADDED ENTRY--TOPICAL TERM | |
| Topical term or geographic name as entry element | _Organic chemistry |
| 980 ## - EQUIVALENCE OR CROSS-REFERENCE-SERIES STATEMENT--PERSONAL NAME/TITLE [LOCAL, CANADA] | |
| Personal name | ^d20110118 10:02:33^okorir |
No items available.